000
00308nam a22001337a 4500
008
180910b xxu||||| |||| 00| 0 eng d
020
_a
9781568029979
041
_a
eng
080
_a
321
100
_a
14
101
_a
SHP
245
_a
The Essentials of Political Analysis
_c
Pollock, P.H
942
_2
udc
_c
BK
999
_c
47639
_d
47639